Aplique dbase IV / Jones Edward (Registro nro. 12581)
[ vista simple ]
| 000 -LÍDER | |
|---|---|
| fixed length control field | 00590nam a2200169 4500 |
| 008 - ELEMENTOS DE LONGITUD FIJA -- INFORMACIÓN GENERAL | |
| fixed length control field | 0 1990 0a 000 0MEX |
| 020 ## - NÚMERO INTERNACIONAL NORMALIZADO PARA LIBROS | |
| ISBN | 84-7615-362-7 |
| 050 ## - SIGNATURA TOPOGRAFICA DE LA BIBLIOTECA DEL CONGRESO (LC) | |
| Número de Clasificación | QA76.9 D3 J618 1990 |
| 082 ## - NUMERO DE CLASIFICACION DECIMAL DEWEY | |
| Número de Clasificación | 001.642.5 J845a |
| 100 ## - ASIENTO PRINCIPAL--NOMBRE PERSONAL | |
| Nombre personal | Edward, Jones |
| 245 ## - TÍTULO | |
| Título | Aplique dbase IV / Jones Edward |
| 260 ## - PUBLICACIÓN, DISTRIBUCIÓN, ETC. (PIE DE IMPRENTA) | |
| Lugar de publicación, distribución, etc. | México : McGraw-Hill |
| 300 ## - DESCRIPCIÓN FÍSICA | |
| Extensión | xvi, 640 p. / 24 cm. |
| 500 ## - NOTA GENERAL | |
| Nota general | Incluye glosario, índice. |
| 650 ## - ASIENTO SECUNDARIO DE MATERIA - TERMINO TEMÁTICO | |
| Término temático o nombre geográfico como elemento de entrada | 1.DBASE IV (ARCHIVO DE COMPUTADORA) \ 2.ADMINISTRACIÓN DE BASES DE DATOS |
| 700 ## - ASIENTO SECUNDARIO - NOMBRE PERSONAL | |
| Nombre personal | S nchez Navarro, José Daniel, Tr. \ Vaquero S nchez, Antonio, Rev. Téc. |
| No. biblioteca | No. biblioteca | Número de clasificación | Código de barras/Número de adquisición | Número de copia | Tipo de material |
|---|---|---|---|---|---|
| LUIS G. INCLAN | LUIS G. INCLAN | 001.642.5 J845a | 26743 | 11 | Libros |
